000
00365nam a2200133Ia 4500
008
231129s1995||||xx |||||||||||||| ||spa||
020
_a
958-957-99-4-9
082
_a
ER- 341
100
_a
Henao Restrepo Abelardo
245
0
_a
Vivencias
260
_c
1995
264
_a
Pereira: Gráficas Olímpica 1995
942
_2
ddc
_c
BKS
999
_c
26387
_d
26387